Защита прав призывника: ваш путь к успеху (Запись № 1544992)

Подробности
000 -МАРКЕР
контрольное поле 01698nam0a2200301 4500
001 - ИДЕНТИФИКАТОР ЗАПИСИ
контрольное поле RU\NLR\bibl\1175606
005 - ИДЕНТИФИКАТОР ВЕРСИИ
контрольное поле 20260406181109.0
010 ## - МЕЖДУНАРОДНЫЙ СТАНДАРТНЫЙ НОМЕР КНИГИ (ISBN)
Номер (ISBN) 978-5-87857-135-7
Тираж 1000
035 ## - ДРУГИЕ СИСТЕМНЫЕ НОМЕРА
Идентификатор записи (NLR Aleph) 001162261
100 ## - ДАННЫЕ ОБЩЕЙ ОБРАБОТКИ
Данные общей обработки 20080114d2007 |||y0rusy50 ca
101 0# - ЯЗЫК РЕСУРСА
Язык текста, звукозаписи и т.д. русский
102 ## - СТРАНА ПУБЛИКАЦИИ ИЛИ ПРОИЗВОДСТВА
Страна публикации Российская Федерация
105 ## - ПОЛЕ КОДИРОВАННЫХ ДАННЫХ: ТЕКСТОВЫЕ МАТЕРИАЛЫ, МОНОГРАФИЧЕСКИЕ
Кодированные данные о монографическом текстовом документе y |||||||||
200 1# - ЗАГЛАВИЕ И СВЕДЕНИЯ ОБ ОТВЕТСТВЕННОСТИ
Основное заглавие Защита прав призывника: ваш путь к успеху
Сведения, относящиеся к заглавию методическое пособие
Первые сведения об ответственности Регион. обществ. правозащит. орг. "Солдат. матери Санкт-Петербурга"
Последующие сведения об ответственности [Полякова Элла Михайловна и др.]
210 ## - ПУБЛИКАЦИЯ, РАСПРОСТРАНЕНИЕ И ДР.
Место издания, распространения и т.д. Санкт-Петербург
Имя издателя, распространителя и т. д. Норма
-- Региональная общественная организация правозащитная организация "Солдатские матери Санкт-Петербурга"
Дата издания, распространения и т.д. 2007
215 ## - ФИЗИЧЕСКАЯ ХАРАКТЕРИСТИКА
Специфическое обозначение материала и объем 94 с.
Размеры 21
606 0# - НАИМЕНОВАНИЕ ТЕМЫ КАК ПРЕДМЕТ
Наименование темы Призывники
Формальный подзаголовок Методические пособия
Тематический подзаголовок Социально-правовая защита
Географический подзаголовок Российская Федерация
Системный номер авторитетной/нормативной записи 2199937
Идентификатор авторитетной/нормативной записи RU\NLR\auth\661322026
686 ## - ИНДЕКСЫ ДРУГИХ КЛАССИФИКАЦИЙ
Индекс Ц4,6(2Р)26я8
702 #1 - ИМЯ ЛИЦА - ВТОРИЧНАЯ ОТВЕТСТВЕННОСТЬ
Код отношения Составитель
Начальный элемент ввода Полякова
Часть имени, кроме начального элемента ввода Э. М.
Дополнения к именам, кроме дат общественный деятель
Расширение инициалов личного имени Элла Михайловна
Системный номер авторитетной/нормативной записи 132649
Идентификатор авторитетной/нормативной записи RU\NLR\AUTH\770132683
712 02 - НАИМЕНОВАНИЕ ОРГАНИЗАЦИИ - ВТОРИЧНАЯ ОТВЕТСТВЕННОСТЬ
Код отношения Прочие
Начальный элемент ввода "Солдатские матери Санкт-Петербурга", общественная правозащитная организация
Идентификатор авторитетной/нормативной записи RU\NLR\AUTH\889945792
Системный номер авторитетной/нормативной записи 387027
801 #0 - ИСТОЧНИК ЗАПИСИ
Страна Российская Федерация
Организация NLR
Дата составления 20080114
Правила каталогизации RCR
801 #1 - ИСТОЧНИК ЗАПИСИ
Страна Российская Федерация
Организация NLR
Дата составления 20080114
830 ## - ОБЩЕЕ ПРИМЕЧАНИЕ, СОСТАВЛЕННОЕ КАТАЛОГИЗАТОРОМ
Текст примечания сост. по кн.
942 ## - ДОПОЛНИТЕЛЬНЫЕ ЭЛЕМЕНТЫ ЗАПИСИ (АБИС)
Тип экземпляра АБИС Книга
980 ## - КОЛЛЕКЦИЯ
Название коллекции Национальная библиография
Экземпляры
Тип экземпляра Дата поступления Источник поступления Библиотека постоянного хранения Библиотека текущего хранения Место хранения Шифр хранения Штрих-код Статус экземпляра
Книга 14.01.2008 Дар РНБ (Московский) РНБ (Московский) Русский книжный фонд: издания с 1957 года 2008-4/307 2584507